<?xml version="1.0" encoding="UTF-8"?>
<collection xmlns="http://www.loc.gov/MARC21/slim">
 <record>
  <leader>     na                 </leader>
  <controlfield tag="001">INLIS000000000002428</controlfield>
  <controlfield tag="005">20211201022826</controlfield>
  <datafield tag="035" ind1=" " ind2=" ">
   <subfield code="a">0010-0621002028</subfield>
  </datafield>
  <controlfield tag="008">211201                g          0 ind  </controlfield>
  <datafield tag="245" ind1="1" ind2=" ">
   <subfield code="a">Perbandingan Hukum Perdata</subfield>
  </datafield>
  <datafield tag="100" ind1="1" ind2=" ">
   <subfield code="a">Soeroso, R.</subfield>
  </datafield>
  <datafield tag="250" ind1=" " ind2=" ">
   <subfield code="a">I</subfield>
  </datafield>
  <datafield tag="260" ind1=" " ind2=" ">
   <subfield code="a">Jakarta :</subfield>
   <subfield code="b">Sinar Grafika,</subfield>
   <subfield code="c">2005</subfield>
  </datafield>
  <datafield tag="300" ind1=" " ind2=" ">
   <subfield code="a">204 hlm. ;</subfield>
   <subfield code="c">21 cm.</subfield>
  </datafield>
  <datafield tag="020" ind1=" " ind2=" ">
   <subfield code="a">979-8767-75-6</subfield>
  </datafield>
  <datafield tag="084" ind1=" " ind2=" ">
   <subfield code="a">346 SOE p</subfield>
  </datafield>
  <datafield tag="520" ind1=" " ind2=" ">
   <subfield code="a">Perbandingan Hukum Perdata Perbandingan hukum sebagai metode penelitian dan sebagai ilmu pengetahuan usianya masih relatif muda. Namun demikian, manfaatnya semakin dirasakan, sehingga dimasukkan dalam kurikulum di semua Fakultas Hukum Negeri maupun Swasta. Perbandingan hukum mempunyai banyak kegunaan, manfaat serta fungsinya tidak kecil bagi berbagai bidang antara lain : berfungsi bagi pengembangan ilrnu hukum di Indonesia, berfungsi bagi praktik dan pembinaan hukum, berfungsi dalam rangka perencanaan hukum.Di samping terdapat pula berbagai kegunaan dalam ilmu pembantu Hukum Perdata Internasional, Pendidikan penasihat yuridis, pembaruan hukum dan lain sebagainya (hof. Taher Tungadi, SH). Prof. R.Subekti, SH. juga mengatakan bahwa buku-buku tentang Perbandingan Hukum masih langka, sehingga keberadaan buku-buku mengenai Perbandingan Hukum sangat dibutuhkan terutama bagi para mahasiswa dalam rangka mempelajari ilmu hukum dan oleh para praktisi hukum sehubungan dengan semakin luasnyamasalah-masalah bersifat nasional maupun internasional yang harus diselesaikan. Ruang lingkup Perbandingan Hukum itu luas dan oleh karenanya untuk mendapatkan kemudahan dalam mempelajari Perbandingan Hukum Perdata, btrku ini berisikan tiga pokok bahasan, ialah mengenai :l. Pengertian dasar. Yang memberikan jawaban-jawaban terhadap pertanyaan-pertanyaan apakah Perbandingan Hukum itu? Bagaimana sejarahnya? Apakah fungsinya? Ruang lingkupnya dan lain sebagainya.2. Perbandingan Hukum Umum. Yakni yang akan membandingkan karakteristik, antara sistem-sistem hukum yang ada di dunia dan meliputi sejarahnya, konsepsi, struktur sumber hukum dan lain sebagainya.3. Perbandingan Hukum Khusus. Yang akan membandingkan berbagai lembaga hukum yang sering dipergunakan di dalam praktik. Semoga buku ini dapat mencapai sasarannya. by:of</subfield>
  </datafield>
  <datafield tag="082" ind1=" " ind2=" ">
   <subfield code="a">346</subfield>
  </datafield>
  <datafield tag="650" ind1=" " ind2="4">
   <subfield code="a">Hukum Perdata</subfield>
  </datafield>
  <datafield tag="990" ind1=" " ind2=" ">
   <subfield code="a">06996</subfield>
  </datafield>
  <datafield tag="990" ind1=" " ind2=" ">
   <subfield code="a">026523</subfield>
  </datafield>
  <datafield tag="990" ind1=" " ind2=" ">
   <subfield code="a">026524</subfield>
  </datafield>
  <datafield tag="990" ind1=" " ind2=" ">
   <subfield code="a">026525</subfield>
  </datafield>
  <datafield tag="990" ind1=" " ind2=" ">
   <subfield code="a">026526</subfield>
  </datafield>
  <datafield tag="990" ind1=" " ind2=" ">
   <subfield code="a">026527</subfield>
  </datafield>
  <datafield tag="990" ind1=" " ind2=" ">
   <subfield code="a">026527</subfield>
  </datafield>
  <datafield tag="990" ind1=" " ind2=" ">
   <subfield code="a">026523</subfield>
  </datafield>
  <datafield tag="990" ind1=" " ind2=" ">
   <subfield code="a">026524</subfield>
  </datafield>
  <datafield tag="990" ind1=" " ind2=" ">
   <subfield code="a">026525</subfield>
  </datafield>
  <datafield tag="990" ind1=" " ind2=" ">
   <subfield code="a">026526</subfield>
  </datafield>
 </record>
</collection>
